Guy Rottier. Artchitecte de l´insolite : Unusual Artchitecture /

Gespeichert in:
Bibliographische Detailangaben
Hauptverfasser: Rottier, Guy (Verfasst von), Ragon, Michel (Verfasst von), Pinoncelli, Pierre (Verfasst von)
Format: Buch
Sprache:Französisch
Englisch
Veröffentlicht: Nice : Z´éditions, 1989
Ausgabe:1. vydanie
Schlagworte:
Tags: Tag hinzufügen
Keine Tags, Fügen Sie das erste Tag hinzu!

MARC

LEADER 00000nam a22000003a 4500
001 0064969
003 SK-STU
005 20190327112630.0
007 ta
008 180511s ----xo-----e------000-0-----d
020 |a 2-87720-047-7 
040 |a STU  |b slo 
041 0 |a fre  |a eng 
044 |a fr 
100 1 |a Rottier, Guy  |4 aut 
245 1 0 |a Guy Rottier. Artchitecte de l´insolite :  |b Unusual Artchitecture /  |c aut. Guy Rottier, Michel Ragon, Pierre Pinoncelli 
250 |a 1. vydanie 
260 |a Nice :  |b Z´éditions,  |c 1989 
300 |a 159 s. 
650 0 7 |a experimentálna architektúra 
650 0 7 |a architektúra extrémna 
650 0 7 |a obytné budovy 
650 0 7 |a občianske budovy 
650 0 7 |a architekti európski 
650 0 7 |a Francúzsko 
650 0 7 |a architektonické dielo 
700 1 |a Ragon, Michel  |4 aut 
700 1 |a Pinoncelli, Pierre  |4 aut 
996 |b 284AU07431  |c A* 10681/U  |l AAKNST  |s P  |a 0  |w 0064969_0001